<The> Relationship Between the Health Status and Economic Situation in the EU Member States
Zdravotný stav na základe správy EU-SILC a eknomická situácia krajiny. Prepojenie zdravotného stavu a vybraných ukazovateľov. Úroveň dosiahnutého vzdelania a zdravotný stav.
Enregistré dans:
| Auteur principal: | |
|---|---|
| Autres auteurs: | |
| Format: | Chapitre de livre |
| Langue: | anglais |
| Sujets: | |
| Tags: |
Pas de tags, Soyez le premier à ajouter un tag!
|
MARC
| LEADER | 00000naa a2200000 4500 | ||
|---|---|---|---|
| 001 | 0195147 | ||
| 005 | 20240527101522.0 | ||
| 041 | 0 | |a eng | |
| 044 | |a CZ | ||
| 245 | 1 | 0 | |a <The> Relationship Between the Health Status and Economic Situation in the EU Member States |c Silvia Megyesiová, Vanda Lieskovská |
| 520 | |a Zdravotný stav na základe správy EU-SILC a eknomická situácia krajiny. Prepojenie zdravotného stavu a vybraných ukazovateľov. Úroveň dosiahnutého vzdelania a zdravotný stav. | ||
| 610 | 2 | 0 | |a situácia hospodárska |
| 610 | 2 | 0 | |a zdravie |
| 610 | 2 | 0 | |a kvalita života |
| 610 | 2 | 0 | |a vzdelanie |
| 610 | 2 | 0 | |a produkt domáci hrubý |
| 100 | 1 | |a Megyesiová, Silvia, 1969- | |
| 700 | 1 | |a Lieskovská, Vanda, 1961- | |